Statistics for Bollywood King - 1

Click here to take the quiz!

General Stats

  • This quiz has been taken 509 times
  • The average score is 6 of 14

Answer Stats

Hint Answer % Correct
Dhoom 3Aamir Khan
90%
Chennai ExpressShahrukh Khan
88%
Yeh Jawani Hai DeewaniRanbir Kapoor
83%
Jai HoSalman Khan
76%
GundayRanveer Singh
67%
Happy EndingSaif Ali Khan
62%
Dedh IshqiyaArshad Warsi
48%
Hasee Toh PhaseeSidharth Malhotra
31%
A WednesdayNaseeruddin Shah
29%
Raja NatwarlalEmraan Hashmi
25%
GuruAbhishek Bacchan
11%
BewakoofiyaanAyushmann Khurrana
11%
Lage Raho MunnabhaiSanjay Datt
10%
ShahidRaj Kumar Yadav
6%

Score Distribution

Percentile by Number Answered

Percent of People with Each Score

Your Score History

You have not taken this quiz